| 000 | 00475nam a2200169Ia 4500 | ||
|---|---|---|---|
| 005 | 20241213122730.0 | ||
| 008 | 231217s9999 xx 000 0 und d | ||
| 020 | _a9780070634145 | ||
| 082 | _a001.64404 FOR1;76 | ||
| 100 | _aForouzan, Behrouz A. Fegan, Sophia Chung. | ||
| 245 | 0 | _aData communications and networking | |
| 250 | _a4th ed. | ||
| 260 |
_c2007 _bTata McGraw-Hill _aNew Delhi |
||
| 300 | _axxxiv+1134 | ||
| 650 | _aCommunications,networking | ||
| 942 | _cAA | ||
| 999 |
_c179777 _d179777 |
||